| 000 | 01116cam a2200325 a 4500 | ||
|---|---|---|---|
| 999 |
_c329268 _d329268 |
||
| 001 | 13021895 | ||
| 003 | Nust | ||
| 005 | 20170502123714.0 | ||
| 008 | 021018s2002 pk a 001 0ceng | ||
| 010 | _a 2002341516 | ||
| 020 | _a9693513614 | ||
| 025 | _aP-E-2002341516; 02 | ||
| 035 | _a(DLC) 2002341516 | ||
| 040 |
_aDLC _cDLC |
||
| 042 | _alcode | ||
| 043 | _aa-pk--- | ||
| 050 | 0 | 0 |
_aN7310.7 _b.H27 2002 |
| 082 |
_a759.95491 _bHAS |
||
| 100 | 1 | _aHashmi, Salima. | |
| 245 | 1 | 0 |
_aUnveiling the visible : _blives and works of women artists of Pakistan / _cSalima Hashmi. |
| 260 |
_aIslamabad : _bActionAid Pakistan, _c2002. |
||
| 300 |
_a212 p. : _bchiefly col. ill. ; _c27 cm. |
||
| 504 | _aIncludes bibliographical references (p. 199-201) and index. | ||
| 650 | 0 |
_aWomen artists _zPakistan _vBiography. |
|
| 650 | 0 | _aArt, Pakistani. | |
| 710 | 2 | _aActionAid Pakistan (Organization). | |
| 906 |
_a7 _bcbc _corigode _d3 _encip _f20 _gy-gencatlg |
||
| 942 |
_2ddc _cBK |
||